ბათუმის შოთა რუსთაველის სახელმწიფო უნივერსიტეტის ბიბლიოთეკა

Атлас анатомии человека : (ბიბ.ჩანაწერი № 63439)

000 -LEADER
fixed length control field 00616nam a22001457a 4500
005 - DATE AND TIME OF LATEST TRANSACTION
control field 20251009160233.0
008 - FIXED-LENGTH DATA ELEMENTS--GENERAL INFORMATION
fixed length control field 251009s1981 ru ||||| |||| 00| 0 rus d
041 ## - LANGUAGE CODE
Language code of text/sound track or separate title rus
080 ## - UNIVERSAL DECIMAL CLASSIFICATION NUMBER
Universal Decimal Classification number 611(084.4) C-38
100 ## - MAIN ENTRY--PERSONAL NAME
Personal name Синельников, Р.Д.
9 (RLIN) 26008
245 ## - TITLE STATEMENT
Title Атлас анатомии человека :
Remainder of title Том 3. Учение о нервной системе, органах чувств и органах внутренней секреци / /
Statement of responsibility, etc. Р. Д. Синельников.
264 ## - PRODUCTION, PUBLICATION, DISTRIBUTION, MANUFACTURE, AND COPYRIGHT NOTICE
Place of production, publication, distribution, manufacture Москва :
Name of producer, publisher, distributor, manufacturer Медицина.
Date of production, publication, distribution, manufacture, or copyright notice 1981.
300 ## - PHYSICAL DESCRIPTION
Extent 400 стр.;
Other physical details 26 см.
942 ## - ADDED ENTRY ELEMENTS (KOHA)
Source of classification or shelving scheme
Koha item type წიგნი
ეგზემპლარები
Withdrawn status Lost status Source of classification or shelving scheme Damaged status Not for loan Permanent Location Current Location Shelving location Date acquired Cost, normal purchase price Full call number Barcode Date last seen Copy number Uniform Resource Identifier Price effective from Koha item type Public note
          ბათუმის შოთა რუსთაველის სახელმწიფო უნივერსიტეტის მთავარი ბიბლიოთეკა ბათუმის შოთა რუსთაველის სახელმწიფო უნივერსიტეტის მთავარი ბიბლიოთეკა წიგნსაცავი 2025-10-09 12.00 611(084.4) C-38 72613 2025-10-09 72613 ნაჩუქარი 2025-10-09 წიგნი 12 ლ.